000 00786nam a2200229Ia 4500
003 CO-CtgCURN
005 20250407231925.0
008 190723s9999 xx 000 0 und d
020 _a9586902722
040 _aCO-CtgCURN
_bspa
_ccoctgcurn
082 _a343.861
_bR436e
100 _aRestrepo Correa, Leon Jairo
245 0 _aEnfoque jurídico del control fiscal en Colombia /
_cLeon Jairo Restrepo Correa.
260 _aBogotá, Colombia :
_bLeyer,
_c2001
300 _a292 páginas ;
_c22 centímetros
521 _aAREA PROFESIONAL
590 _aPrograma de Derecho_18
650 _aDerecho fiscal
650 _aMiscelanea sobre derecho público
942 _cBK
_h343.861
_iR436e
_2ddc
_n0
999 _c28623
_d28623